[Event "Barcelona Primavera CE op"]
[Site "Barcelona"]
[Date "2021.05.01"]
[Round "2"]
[White "Agapito Garrido, Bernat"]
[Black "Cantero Gomez, Jorge"]
[Result "1-0"]
[WhiteElo "1685"]
[BlackElo "1530"]
[PlyCount "97"]
[EventDate "2021.04.24"]
[EventType "swiss"]
[EventRounds "9"]
[EventCountry "ESP"]
[SourceTitle "EXT 2022"]
[Source "ChessBase"]
[SourceDate "2021.10.06"]
[SourceVersion "1"]
[SourceVersionDate "2021.10.06"]
[SourceQuality "1"]

1. e4 e5 2. Nf3 Nf6 3. Nxe5 d6 4. Nf3 Nxe4 5. Nc3 Nxc3 6. dxc3 Be7 7. Bd3 0-0 8. 0-0 Bg4 9. Re1 Nd7 10. Qe2 Re8 11. Qe4 Nf6 12. Qxb7 Qc8 13. Qxc8 Raxc8 14. Nd4 Bd7 15. Bd2 c5 16. Nf5 Bf8 17. Ng3 g6 18. Bg5 Bg7 19. Ne4 Nxe4 20. Bxe4 Rb8 21. Bf4 Rxb2 22. Re3 Bxc3 23. Rxc3 Rxe4 24. Bxd6 c4 25. Bc5 Ba4 26. Bxa7 Rxc2 27. Rxc2 Bxc2 28. Be3 Re8 29. Kf1 Rb8 30. a4 Rb1+ 31. Rxb1 Bxb1 32. Ke1 f5 33. Kd2 Be4 34. f3 Bc6 35. a5 Bb5 36. Kc3 Kf7 37. Kd4 Ke6 38. Kc5 Ba6 39. Kb6 Bc8 40. a6 Bxa6 41. Kxa6 Kf6 42. Kb5 c3 43. Bd4+ Kg5 44. Bxc3 f4 45. Kc5 Kf5 46. Kd5 g5 47. Ba5 h5 48. Bd8 h4 49. h3 1-0

[Event "Mem Vinas 15th A"]
[Site "Mataro"]
[Date "2019.06.08"]
[Round "5.15"]
[White "Serrano Batova, Vicent"]
[Black "Agapito Garrido, Bernat"]
[Result "1/2-1/2"]
[WhiteElo "1767"]
[BlackElo "1529"]
[PlyCount "99"]
[EventDate "2019.05.04"]
[EventType "swiss"]
[EventRounds "8"]
[EventCountry "ESP"]
[SourceTitle "EXT 2024"]
[Source "ChessBase"]
[SourceDate "2023.10.10"]
[SourceVersion "1"]
[SourceVersionDate "2023.10.10"]
[SourceQuality "1"]

1. d4 d5 2. Nf3 Nf6 3. e3 Bf5 4. Ne5 Nbd7 5. Be2 e6 6. 0-0 Bd6 7. f4 c5 8. c3 h6 9. Nd2 Ne4 10. Bb5 Bxe5 11. dxe5 0-0 12. Nxe4 Bxe4 13. b3 Nb6 14. Ba3 a6 15. Bd3 Bxd3 16. Qxd3 Nd7 17. c4 Qa5 18. Bb2 Nb6 19. cxd5 Nxd5 20. e4 Nb4 21. Qc3 Qb6 22. Kh1 Rad8 23. a3 Nd3 24. Rf3 Nxb2 25. Qxb2 Rd4 26. Qc2 Rfd8 27. Rf2 Rd3 28. Rb1 Qa5 29. a4 R8d4 30. h3 Rd2 31. Rxd2 Rxd2 32. Qc4 Rd4 33. Qc2 Qb4 34. Rc1 b6 35. Qc3 Qxc3 36. Rxc3 Rxe4 37. g3 Kf8 38. Kg2 Ke7 39. a5 Rb4 40. axb6 Rxb6 41. Kf3 Rb5 42. Ke3 Kd7 43. Rd3+ Kc7 44. Kd2 Rb7 45. Kc3 Kc6 46. Kc4 Rb4+ 47. Kc3 Rb6 48. Kc4 Rb4+ 49. Kc3 Rb6 50. Kc4 1/2-1/2

[Event "Maresme op 15th"]
[Site "Maresme"]
[Date "2018.11.24"]
[Round "8"]
[White "Agapito Garrido, Bernat"]
[Black "Llopis Jordan, Lluis"]
[Result "0-1"]
[WhiteElo "1450"]
[BlackElo "1645"]
[PlyCount "76"]
[EventDate "2018.09.29"]
[EventType "swiss"]
[EventRounds "9"]
[EventCountry "ESP"]
[SourceTitle "EXT 2024"]
[Source "ChessBase"]
[SourceDate "2023.10.10"]
[SourceVersion "1"]
[SourceVersionDate "2023.10.10"]
[SourceQuality "1"]

1. e4 c6 2. Nc3 d5 3. Nf3 dxe4 4. Nxe4 Nd7 5. Bc4 Ngf6 6. Ng3 Nb6 7. Bb3 Qc7 8. d4 e6 9. Qd3 c5 10. dxc5 Bxc5 11. Be3 Bd7 12. 0-0 0-0 13. Rfd1 Nbd5 14. Bxc5 Qxc5 15. Qd4 Rac8 16. Rac1 Ne7 17. Ne5 Qxd4 18. Rxd4 Bb5 19. a4 Nc6 20. Nxc6 Bxc6 21. c3 a5 22. h3 Nd7 23. Ba2 Nc5 24. b3 Kh8 25. Ne2 e5 26. Rd6 Ne4 27. Rd3 f5 28. c4 Nc5 29. Rd2 g5 30. Nc3 e4 31. Nd5 Rce8 32. Re1 Kg7 33. f4 Nd3 34. Rf1 Bxd5 35. cxd5 Nxf4 36. Rc1 Rd8 37. Rc7+ Rf7 38. Rxf7+ Kxf7 0-1

[Event "Maresme op 14th"]
[Site "Maresme"]
[Date "2017.12.02"]
[Round "9"]
[White "Agapito Garrido, Bernat"]
[Black "Goloubev Goloubeva, Maria"]
[Result "1/2-1/2"]
[WhiteElo "1088"]
[BlackElo "1481"]
[PlyCount "102"]
[EventDate "2017.09.30"]
[EventType "swiss"]
[EventRounds "9"]
[EventCountry "ESP"]
[SourceTitle "CBM 181 Extra"]
[Source "ChessBase"]
[SourceDate "2017.12.12"]
[SourceVersion "1"]
[SourceVersionDate "2017.12.12"]
[SourceQuality "1"]

1. e4 c5 2. Nf3 g6 3. d4 cxd4 4. Nxd4 Bg7 5. Be3 Nc6 6. Nxc6 bxc6 7. Nc3 d6 8. Bc4 Nf6 9. 0-0 0-0 10. f3 Bb7 11. Qd2 Qc8 12. Bb3 Qc7 13. Rad1 c5 14. Bh6 Bc6 15. Bxg7 Kxg7 16. a3 Qb6 17. Qe3 Rad8 18. Rfe1 e6 19. Qf2 d5 20. exd5 exd5 21. Kh1 d4 22. Ne4 Bd5 23. Bxd5 Nxd5 24. b3 Nf6 25. Qh4 Rfe8 26. Qxf6+ Qxf6 27. Nxf6 Kxf6 28. Kg1 Re6 29. b4 Rxe1+ 30. Rxe1 cxb4 31. axb4 Rc8 32. Rd1 Rc4 33. b5 Ke5 34. Re1+ Kf6 35. Re4 Rxc2 36. Rxd4 Rc5 37. Ra4 Rxb5 38. Rxa7 h5 39. h3 Re5 40. Ra6+ Kf5 41. Ra7 f6 42. Ra4 g5 43. g4+ Kg6 44. gxh5+ Kxh5 45. Kg2 f5 46. Kf2 f4 47. Re4 Rd5 48. Re2 Kg6 49. Kg2 Kh5 50. Kh2 Rd3 51. Rf2 Re3 1/2-1/2

[Event "Maresme op 14th"]
[Site "Maresme"]
[Date "2017.11.11"]
[Round "6"]
[White "Fernandez Herrera, Aleix"]
[Black "Agapito Garrido, Bernat"]
[Result "1-0"]
[WhiteElo "1419"]
[BlackElo "1088"]
[PlyCount "131"]
[EventDate "2017.09.30"]
[EventType "swiss"]
[EventRounds "9"]
[EventCountry "ESP"]
[SourceTitle "CBM 181 Extra"]
[Source "ChessBase"]
[SourceDate "2017.12.12"]
[SourceVersion "1"]
[SourceVersionDate "2017.12.12"]
[SourceQuality "1"]

1. c4 c5 2. g3 Nc6 3. Bg2 Nf6 4. Nc3 g6 5. a3 b6 6. Rb1 Bb7 7. Nf3 Bg7 8. d3 0-0 9. 0-0 d5 10. cxd5 Nxd5 11. Nxd5 Qxd5 12. Be3 Rad8 13. Qc2 Rfe8 14. Nd2 Qd7 15. Nc4 Ne5 16. f3 Qe6 17. Bf2 Nxc4 18. dxc4 Bh6 19. e4 Ba6 20. b3 Rd2 21. Qc3 Red8 22. f4 R2d3 23. Qa1 Bg7 24. e5 Qc8 25. Bd5 e6 26. Be4 R3d7 27. Rbd1 b5 28. Rxd7 Rxd7 29. Qc3 bxc4 30. bxc4 Rd8 31. Qa5 Bf8 32. Rb1 Kg7 33. Bf3 Rd3 34. Kg2 h6 35. Rd1 Rxd1 36. Bxd1 Bxc4 37. Qxa7 Bd5+ 38. Bf3 Bxf3+ 39. Kxf3 c4 40. Bd4 c3 41. Be3 c2 42. Bc1 Qc6+ 43. Ke2 Qh1 44. Qe3 Qxh2+ 45. Kd3 Be7 46. a4 f6 47. exf6+ Bxf6 48. a5 Qg2 49. Qe4 Qxg3+ 50. Kxc2 Qf2+ 51. Kd3 Qf1+ 52. Kc2 Qb5 53. Bd2 Qc5+ 54. Kd3 e5 55. Qb7+ Be7 56. fxe5 Kf7 57. a6 Qxe5 58. a7 Qg3+ 59. Kd4 Qg4+ 60. Qe4 Qg1+ 61. Be3 Qa1+ 62. Kd5 Qa5+ 63. Kc4 Qa4+ 64. Kd3 Qa6+ 65. Qc4+ Qxc4+ 66. Kxc4 1-0